Missing Word: Four Categories Quiz Stats

 Plays Quiz Updated Apr 8, 2016

Challenge
Share
Tweet
Embed
Score 0/20 Timer 02:00
0 Plays Today
Category Missing Word % Correct
IBA Official CocktailsBloody
95.6%
Board gamesTrap
94.1%
Board gamesCheckers
92.1%
Board gamesWho?
91.9%
Board gamesCandy
86.2%
TV showsTown
84.1%
IBA Official CocktailsMai
79.6%
TV showsTrue
77.2%
IBA Official CocktailsRussian
77%
TV showsMars
76.2%
Category Missing Word % Correct
TV showsBreaking
73.2%
IBA Official CocktailsCollins
59.5%
Rolling Stones songsBrown
53.7%
Rolling Stones songsDevil
53.2%
Rolling Stones songsStart
44.3%
Rolling Stones songsBreakdown
30.7%
TV showsAmerica
25.5%
IBA Official CocktailsLibre
24.1%
Board gamesRide
23.2%
Rolling Stones songsTumbling
13.5%

Today's Daily Dose

You're not logged in!

Compare scores with friends on all Sporcle quizzes.
Join for Free
OR
Log In

You Might Also Like...

Show Comments

Extras

Top Quizzes Today


Score Distribution

Your Account Isn't Verified!

In order to create a playlist on Sporcle, you need to verify the email address you used during registration. Go to your Sporcle Settings to finish the process.

Report this User

Report this user for behavior that violates our Community Guidelines.

Details: